| 000 | 00402nam a22001457a 4500 | ||
|---|---|---|---|
| 005 | 20260331105101.0 | ||
| 008 | 260331b |||cae||r||||o00| 0 por d | ||
| 022 | _aISBN 85-7017-065-3 | ||
| 082 |
_2Primera edicion ; _a700 _bO86 |
||
| 245 | _ao Antropofago | ||
| 260 |
_aRio de Janeiro ; Brazil : _bSecretaria de Cultura _c1990 |
||
| 300 |
_a30 paginas ; _c21 cm ; |
||
| 590 | _agds | ||
| 942 |
_2ddc _cMA |
||
| 999 |
_c83780 _d83780 |
||